header

Management and language (Record no. 89034)

MARC details
000 -LEADER
fixed length control field 02421nam a2200361 a 4500
082 04 - DEWEY DECIMAL CLASSIFICATION NUMBER
Classification number 658.4
245 00 - TITLE STATEMENT
Title Management and language
260 ## - PUBLICATION, DISTRIBUTION, ETC. (IMPRINT)
Place of publication London ;
-- Thousand Oaks :
Name of publisher SAGE,
Year of publication 2003.
300 ## - PHYSICAL DESCRIPTION
Number of Pages x, 196 p. :
Other physical details ill.
650 #0 - SUBJECT ADDED ENTRY--TOPICAL TERM
Topical Term Management.
700 1# - ADDED ENTRY--PERSONAL NAME
Personal name Holman, David
Personal name Thorpe, Richard,
856 40 - ELECTRONIC LOCATION AND ACCESS
Uniform Resource Identifier http://site.ebrary.com/lib/rucke/Doc?id=10392774

No items available.

© 2026 Rongo University
Contact us: librarian | system librarian | Rongo university